Statistiques concernant Les animaux terrestres les plus rapides

Cliquez ici pour prendre le quiz!

Statistiques générales

  • Ce quiz a été pris 1 130 fois
  • Le résultat moyen est 3 sur 14

Statistiques - réponses

Vitesse km/hAnimal% Correct
112 à 120guepard
94%
80lion
88%
70,76cheval
42%
72lièvre
32%
80,5gnou
17%
74lèvrier
15%
70kangourou
14%
90 à 100chevreuil
8%
115springbok
6%
71lycaon
5%
97autruche d'Afrique
2%
88,5antilope d'Amérique
1%
80 à 100antilope indienne
0%
70onagre
0%

Distribution des résultats

Percentile par nombre de réponses

% des personnes avec chaque résultat

Votre développement - résultats

Vous n’avez pas pris ce quiz